000 00348nam a22001217a 4500
003 OSt
008 150418b xxu||||| |||| 00| 0 eng d
041 _aeng
245 1 0 _aThe Hudson River mail, 1804-1858
246 1 0 _aThe W.L.L. Peltz Collection of Albany Postal History
260 _aAlbany, NY
_bAlbany Institute of History and Art
300 _a0 pages
999 _c1233
_d1233